Statistiken für Länder mit Nuklearwaffen

Klicken Sie hier um das Quiz zu spielen!

Allgemein

  • Dieses Quiz wurde 5,221 mal gespielt
  • Das Durchschnittsergebnis liegt bei 8 aus 10

Antwortstatistiken

Status Land % Korrekt
BestätigtVereinigte Staaten
100%
BestätigtRussland
97%
BestätigtNordkorea
94%
BestätigtFrankreich
93%
BestätigtChina
92%
BestätigtVereinigtes Königreich
86%
BestätigtIndien
85%
BestätigtPakistan
74%
UnbestätigtIsrael
70%
FrüherSüdafrika
39%

Verteilung der Resultate

Perzentil nach korrekt beantworteten Fragen

Anzahl Personen mit jedem Resultat

Ihre Resultats-Entwicklung

Sie haben dieses Quiz noch nicht gespielt